Fremdwörter in der deutschen Sprache

Uložené v:
Podrobná bibliografia
Hlavný autor: Lišková, Danuša
Médium: Kapitola
Jazyk:German
Tagy: Pridať tag
Žiadne tagy, Buďte prvý, kto otaguje tento záznam!

MARC

LEADER 00000naa$a2200000$$$4500
001 0190413
005 20240502073213.4
041 0 |a ger 
044 |a SK 
245 1 0 |a Fremdwörter in der deutschen Sprache  |c Danuša Lišková 
100 1 |a Lišková, Danuša